header

Aptamers in bioanalysis (Record no. 62831)

MARC details
000 -LEADER
fixed length control field 01097nam a2200289Ia 4500
245 00 - TITLE STATEMENT
Title Aptamers in bioanalysis
260 ## - PUBLICATION, DISTRIBUTION, ETC. (IMPRINT)
Place of publication Hoboken, NJ :
Name of publisher Wiley,
Year of publication c2009.
300 ## - PHYSICAL DESCRIPTION
Number of Pages xvii, 313 p., [12] p. :
Other physical details ill. (some col.)
650 #0 - SUBJECT ADDED ENTRY--TOPICAL TERM
Topical Term Oligonucleotides.
Topical Term Biochemistry.
700 1# - ADDED ENTRY--PERSONAL NAME
Personal name Mascini, Marco.
856 40 - ELECTRONIC LOCATION AND ACCESS
Uniform Resource Identifier http://site.ebrary.com/lib/rucke/Doc?id=10313687

No items available.

© 2026 Rongo University
Contact us: librarian | system librarian | Rongo university